Catálogo público

Fiorello réquiem para un perro / (Record no. 168069)

MARC details
000 -CABECERA
campo de control de longitud fija 00614nam a2200277Ia 4500
001 - NÚMERO DE CONTROL
campo de control Z_5013
003 - IDENTIFICADOR DEL NÚMERO DE CONTROL
campo de control CHAP
008 - DATOS DE LONGITUD FIJA--INFORMACIÓN GENERAL
campo de control de longitud fija 220113s1973 xx 000 0 und d
010 ## - NÚMERO DE CONTROL DE LA BIBLIOTECA DEL CONGRESO
Número de control de LC 168069
040 ## - FUENTE DE LA CATALOGACIÓN
Centro/agencia transcriptor CHAP
082 ## - NÚMERO DE LA CLASIFICACIÓN DECIMAL DEWEY
Número de clasificación 851 C6
100 ## - ENTRADA PRINCIPAL--NOMBRE DE PERSONA
Nombre de persona Coccioli, Carlo
9 (RLIN) 142333
245 ## - MENCIÓN DE TÍTULO
Título Fiorello réquiem para un perro /
Mención de responsabilidad, etc. por Carlo Coccioli
260 ## - PUBLICACIÓN, DISTRIBUCIÓN, ETC.
Lugar de publicación, distribución, etc. México, D. F. :
Nombre del editor, distribuidor, etc. Ediapsa,
Fecha de publicación, distribución, etc. 1973
300 ## - DESCRIPCIÓN FÍSICA
Extensión 92 p.
440 ## - MENCIÓN DE SERIE/PUNTO DE ACCESO ADICIONAL--TÍTULO
Título
500 ## - NOTA GENERAL
Nota general
503 ## - NOTA DE HISTORIA BIBLIOGRÁFICA (BK CF MU) [OBSOLETO]
Nota de historia bibliográfica
650 ## - PUNTO DE ACCESO ADICIONAL DE MATERIA--TÉRMINO DE MATERIA
Término de materia o nombre geográfico como elemento de entrada Literatura italiana I. t.
9 (RLIN) 140383
901 ## - ELEMENTOS DE DATOS A LOCAL LDA (RLIN)
a 851 C6
902 ## - ELEMENTOS DE DATOS B LOCAL, LDB (RLIN)
a A
910 ## - DATOS DE OPCIÓN DEL USUARIO (OCLC)
Datos de opción del usuario 1973
942 ## - ELEMENTOS DE PUNTO DE ACCESO ADICIONAL (KOHA)
Tipo de ítem Koha Libro_
942 ## - ELEMENTOS DE PUNTO DE ACCESO ADICIONAL (KOHA)
Tipo de ítem Koha
Holdings
Estado de retiro Estado de pérdida Fuente del sistema de clasificación o colocación Estado dañado No para préstamo Código de colección Localización permanente Ubicación/localización actual Ubicación en estantería Fecha de adquisición Total de préstamos Código de barras Fecha visto por última vez Fecha del último préstamo Número de copia Precio válido a partir de Tipo de ítem Koha
    Dewey Decimal Classification     General Zootecnia Zootecnia   09/11/2005 2 z_4852 16/02/2023 16/02/2023 1 18/01/2022 Libro